Practical handbook of estuarine and marine pollution

Guardat en:
Dades bibliogràfiques
Autor principal: Kennish, Michael J.
Format: Llibre
Idioma:Undetermined
Publicat: Boca Raton, FL CRC Press 1996
Matèries:
Etiquetes: Afegir etiqueta
Sense etiquetes, Sigues el primer a etiquetar aquest registre!
Thư viện lưu trữ: Trung tâm Học liệu Trường Đại học Cần Thơ
LEADER 00540nam a2200193Ia 4500
001 CTU_67845
008 210402s9999 xx 000 0 und d
020 |b 104 
082 |a 628.168 
082 |b K34 
100 |a Kennish, Michael J. 
245 0 |a Practical handbook of estuarine and marine pollution 
245 0 |c Michael J. Kennish 
260 |a Boca Raton, FL 
260 |b CRC Press 
260 |c 1996 
650 |a Estuarine pollution,Marine pollution 
904 |i Minh 
980 |a Trung tâm Học liệu Trường Đại học Cần Thơ